Bangladesh, South Asia, and the world / (Record no. 21393)

MARC details
000 -LEADER
fixed length control field 01450cam a2200349 a 4500
001 - CONTROL NUMBER
control field 2520251
003 - CONTROL NUMBER IDENTIFIER
control field BDDh-ASL
005 - DATE AND TIME OF LATEST TRANSACTION
control field 20231015030006.0
008 - FIXED-LENGTH DATA ELEMENTS--GENERAL INFORMATION
fixed length control field 930402s1992 bg b b 000 0 eng
010 ## - LIBRARY OF CONGRESS CONTROL NUMBER
LC control number 92911791
020 ## - INTERNATIONAL STANDARD BOOK NUMBER
International Standard Book Number 9840800825 :
Terms of availability Tk250.00
025 ## - OVERSEAS ACQUISITION NUMBER
Overseas acquisition number B-E-7568
040 ## - CATALOGING SOURCE
Original cataloging agency DLC
Transcribing agency DLC
Modifying agency DLC
-- BDDh-ASL
043 ## - GEOGRAPHIC AREA CODE
Geographic area code az-----
-- a-bg---
050 00 - LIBRARY OF CONGRESS CALL NUMBER
Classification number DS395.5
Item number .B357 1992
082 ## - DEWEY DECIMAL CLASSIFICATION NUMBER
Classification number 327.5492
Item number BAN
245 00 - TITLE STATEMENT
Title Bangladesh, South Asia, and the world /
Statement of responsibility, etc. edited by Emajuddin Ahamed, Abul Kalam.
260 ## - PUBLICATION, DISTRIBUTION, ETC.
Place of publication, distribution, etc. Dhaka, Bangladesh :
Name of publisher, distributor, etc. Academic Publishers in association with International Studies Association, Bangladesh,
Date of publication, distribution, etc. c1992.
300 ## - PHYSICAL DESCRIPTION
Extent x, 302 p. :
Other physical details map ;
Dimensions 23 cm.
504 ## - BIBLIOGRAPHY, ETC. NOTE
Bibliography, etc. note Includes bibliographical references.
520 ## - SUMMARY, ETC.
Summary, etc. Chiefly on South Asian affairs; most papers presented at a seminar organized by the International Studies Association, Bangladesh, in Dhaka on 10 August 1990.
651 #0 - SUBJECT ADDED ENTRY--GEOGRAPHIC NAME
Geographic name Bangladesh
General subdivision Politics and government
Chronological subdivision 1971-
651 #0 - SUBJECT ADDED ENTRY--GEOGRAPHIC NAME
Geographic name South Asia
General subdivision Politics and government.
651 #0 - SUBJECT ADDED ENTRY--GEOGRAPHIC NAME
Geographic name Bangladesh
General subdivision Relations
Geographic subdivision South Asia.
651 #0 - SUBJECT ADDED ENTRY--GEOGRAPHIC NAME
Geographic name South Asia
General subdivision Relations
Geographic subdivision Bangladesh.
700 1# - ADDED ENTRY--PERSONAL NAME
Personal name Ahmed, Emajuddin.
700 0# - ADDED ENTRY--PERSONAL NAME
Personal name Abul Kalam
Titles and other words associated with a name (Professor of International Relations)
710 2# - ADDED ENTRY--CORPORATE NAME
Corporate name or jurisdiction name as entry element International Studies Association, Bangladesh.
906 ## - LOCAL DATA ELEMENT F, LDF (RLIN)
a 7
b cbc
c orignew
d 3
e ncip
f 19
g y-gencatlg
942 ## - ADDED ENTRY ELEMENTS (KOHA)
Source of classification or shelving scheme Dewey Decimal Classification
Koha item type Books
Holdings
Withdrawn status Lost status Source of classification or shelving scheme Damaged status Not for loan Collection code Home library Current library Shelving location Date acquired Source of acquisition Total Checkouts Full call number Barcode Date last seen Copy number Price effective from Koha item type
    Dewey Decimal Classification     Non-fiction Asiatic Society Library Asiatic Society Library General Stacks 01/30/2021 ASB Collection   327.5492 BAN 105102 01/30/2021 C-1 01/30/2021 Books

Powered by Koha